BIBLIOTECA PODER JUDICIAL
Portal Judicial TDF

Adopción plena más filiación biológica igual a suma de derechos / (Registro nro. 6232)

000 -LEADER
fixed length control field 01085nab a22002537a 4500
003 - CONTROL NUMBER IDENTIFIER
control field OSt
005 - DATE AND TIME OF LATEST TRANSACTION
control field 20260126034639.0
008 - FIXED-LENGTH DATA ELEMENTS--GENERAL INFORMATION
fixed length control field 190514b xxu||||| |||| 00| 0 spa d
040 ## - CATALOGING SOURCE
Transcribing agency PJ
100 ## - MAIN ENTRY--PERSONAL NAME
9 (RLIN) 6953
Personal name De Souza Vieira, Viviana H.
245 10 - TITLE STATEMENT
Title Adopción plena más filiación biológica igual a suma de derechos /
Statement of responsibility, etc Viviana H. de Souza Vieira.
300 ## - PHYSICAL DESCRIPTION
Extent p. 129-136
500 ## - GENERAL NOTE
General note Cita: TR LALEY AR/DOC/2670/2024.
505 ## - FORMATTED CONTENTS NOTE
Formatted contents note Sumario: I. El caso a analizar.— II. Colofón.
505 ## - FORMATTED CONTENTS NOTE
Title Fallo comentado: JCiv. y Com., Conciliación y Familia, Huinca Renancó ~ 16/04/2024 ~ B., M. R. c. A., A. R. s/ acciones de filiación.
650 #0 - SUBJECT ADDED ENTRY--TOPICAL TERM
9 (RLIN) 967
Topical term or geographic name as entry element DERECHO DE FAMILIA
650 #0 - SUBJECT ADDED ENTRY--TOPICAL TERM
9 (RLIN) 2741
Topical term or geographic name as entry element DERECHOS DE LAS NIÑAS, NIÑOS Y ADOLESCENTES
650 #0 - SUBJECT ADDED ENTRY--TOPICAL TERM
9 (RLIN) 974
Topical term or geographic name as entry element ADOPCIÓN
650 #0 - SUBJECT ADDED ENTRY--TOPICAL TERM
9 (RLIN) 4499
Topical term or geographic name as entry element ADOPCIÓN PLENA
650 #0 - SUBJECT ADDED ENTRY--TOPICAL TERM
9 (RLIN) 1004
Topical term or geographic name as entry element FILIACION
650 #0 - SUBJECT ADDED ENTRY--TOPICAL TERM
9 (RLIN) 1057
Topical term or geographic name as entry element JURISPRUDENCIA APLICABLE
773 0# - HOST ITEM ENTRY
Host Biblionumber 2844
Host Itemnumber 3222
Place, publisher, and date of publication Buenos Aires : AbeledoPerrot, 1989-
Title Derecho de familia. Revista Interdisciplinaria de doctrina y jurisprudencia. Diciembre 2024-VI.
International Standard Book Number 18511201
942 ## - ADDED ENTRY ELEMENTS (KOHA)
Source of classification or shelving scheme
Koha item type Analítica Artículo de Revista

No hay ítems disponibles.

12 de Octubre 789 Ushuaia - Tel:  54(02901)441571
Horario de Atención: 8.00 a 17.00 hs. 
bibliotecaush@justierradelfuego.gov.ar
koha@justierradelfuego.gov.ar
Seguinos en nuestras redes @bibliojustdf 

Con tecnología Koha